000 00431nam a22001577a 4500
005 20251108164041.0
008 250721s1993 xx 000 0 ara d
082 1 4 _a321.4/صلا
100 1 _aحافظ، صلاح الدين
245 1 0 _aصدمة الديمقراطية /
264 1 _aالقاهرة :
_bسينا للنشر،
_c1993.
300 _a276ص
650 1 7 _aالديمقراطية
942 _2ddc
_cBK
999 _c2339
_d2339